THE BIG BOOK OF PACKAGING (Record no. 32403)

MARC details
000 -LEADER
fixed length control field 00263nam a22001217a 4500
003 - CONTROL NUMBER IDENTIFIER
control field SGT
082 ## - DEWEY DECIMAL CLASSIFICATION NUMBER
Classification number 688
Item number GOY
100 ## - MAIN ENTRY--PERSONAL NAME
Personal name GOYAL, SANDEEP KUMAR
245 ## - TITLE STATEMENT
Title THE BIG BOOK OF PACKAGING
260 ## - PUBLICATION, DISTRIBUTION, ETC. (IMPRINT)
Place of publication, distribution, etc USA
Name of publisher, distributor, etc PACKAGING PUB.
Year of Publication 2016
300 ## - PAGE DESCRIPTION
No. of Pages 504
942 ## - ADDED ENTRY ELEMENTS (KOHA)
Source of classification or shelving scheme Dewey Decimal Classification
Koha item type Books
Holdings
Withdrawn status Lost status Source of classification or shelving scheme Damaged status Not for loan Collection code Home library Current library Shelving location Date acquired SGTU Full call number Accession No. (Barcode) Date last seen Bill Date Koha item type
    Dewey Decimal Classification   Not For Loan SCIENCE SGT Science & Social Sciences Library SGT Science & Social Sciences Library Text Book 25/08/2025 SGTU 688 GOY DP96 25/08/2025 25/08/2025 Books